000 00202nam a22000857a 4500
008 170201b xxu||||| |||| 00| 0 eng d
100 _92726
_aRich.S.
245 _aLife Science-4-6
260 _aU.S.A.
_bCD
_c2007
999 _c5893
_d5893